00626nam a22002177a 450000500170000001000380001702000270005503500140008203500170009603500130011303700150012603700130014108200080015424500590016226000410022127000750026230000210033750000190035870000180037770000130039520180223110922.0 a1617EN ENG-117154 B-663776 a9788131105108c1395.00 aEN-100686 aB-647822-826 aB-663776 adpl bRHSP bDBAD/PUB a921 aJ.B.Kripalani / cedited by Shiv Gajrani [and] S. Ram  aNew Delhi bCommonwealth Pub. c2015 a4831/24, Prahlad Street, Ansari Road, Darya Ganj, bNew Delhi e110002 a344p. c23cm(Hb) aIncludes index aGajrani, Shiv aRam, S.